Największe miasta w województwie podkarpackim - Statystyki

Ogólne statystyki
  • Ten quiz został rozwiązany 50 razy
  • Średni wynik to 8 z 10
Statystyki odpowiedzi
Populacja Miasto % Poprawnych
1 196 638 Rzeszów
100%
3 59 779 Przemyśl
89%
6 45 944 Krosno
84%
2 60 075 Mielec
82%
9 36 999 Sanok
80%
5 46 360 Tarnobrzeg
80%
4 59 623 Stalowa wola
77%
8 37 073 Jarosław
75%
7 45 189 Dębica
73%
10 34 542 Jasło
73%
Nie znaleziono quizów pasujących do podanych kryteriów
Rozkład punktacji
Procent ludzi z każdym wynikiem
Percentyl według liczby udzielonych odpowiedzi
Twoja historia wyników
Nie rozwiązałeś tego quizu